00464nam a2200181Ia 4500003000400000005001700004008004100021020001500062040000700077041000800084082001500092100001600107245006400123260004800187300001500235365001400250650001800264OSt20230504093632.0210423s2004 xx 000 0 und d a8123910878 cAL aeng a660.6 JAIP aJAIN (P C). aMicrobiology and biotechnology for sustainable development. aNew DelhibCambridge University Pressc2004 axi,372bPB b1295cINR aBiotechnology